Action Energy (Record no. 120219)

MARC details
000 -LEADER
fixed length control field 00995cam a2200253 4500
001 - CONTROL NUMBER
control field WS120458
008 - FIXED-LENGTH DATA ELEMENTS--GENERAL INFORMATION
fixed length control field 021114n 000 0 eng u
035 ## - SYSTEM CONTROL NUMBER
System control number (Sirsi) u120458
110 ## - MAIN ENTRY--CORPORATE NAME
Corporate name or jurisdiction name as entry element Carbon Trust
9 (RLIN) 4377
245 ## - TITLE STATEMENT
Title Action Energy
520 ## - SUMMARY, ETC.
Summary, etc. Web site for this organisation run by the Carbon Trust, which helps businesses and organisations of all sizes save money by improving their energy efficiency. Includes case studies of successful projects, a glossary of terms, details of publications and information split by different types of building and industry.
650 ## - SUBJECT ADDED ENTRY--TOPICAL TERM
Topical term or geographic name entry element CASE STUDIES
650 ## - SUBJECT ADDED ENTRY--TOPICAL TERM
Topical term or geographic name entry element GLOSSARY
650 ## - SUBJECT ADDED ENTRY--TOPICAL TERM
Topical term or geographic name entry element HOUSING
650 ## - SUBJECT ADDED ENTRY--TOPICAL TERM
Topical term or geographic name entry element OFFICES
650 ## - SUBJECT ADDED ENTRY--TOPICAL TERM
Topical term or geographic name entry element RETAIL
650 ## - SUBJECT ADDED ENTRY--TOPICAL TERM
Topical term or geographic name entry element SCHOOLS
650 ## - SUBJECT ADDED ENTRY--TOPICAL TERM
Topical term or geographic name entry element HOSPITALS
650 ## - SUBJECT ADDED ENTRY--TOPICAL TERM
Topical term or geographic name entry element INDUSTRY
690 ## - LOCAL SUBJECT ADDED ENTRY--TOPICAL TERM (OCLC, RLIN)
Topical term or geographic name as entry element ENERGY-EFFICIENCY
690 ## - LOCAL SUBJECT ADDED ENTRY--TOPICAL TERM (OCLC, RLIN)
Topical term or geographic name as entry element ENVIRONMENTAL AND LAND CONSULTANCY-ENERGY-RENEWABLE ENERGY
856 40 - ELECTRONIC LOCATION AND ACCESS
Uniform Resource Identifier <a href="https://www.actionenergy.org.uk">https://www.actionenergy.org.uk</a>
Public note View the website free of charge at www.actionenergy.org.uk...
942 ## - ADDED ENTRY ELEMENTS (KOHA)
Suppress in OPAC 0
Holdings
Withdrawn status Lost status Source of classification or shelving scheme Damaged status Not for loan Home library Current library Shelving location Date acquired Total Checkouts Full call number Barcode Date last seen Copy number Price effective from Koha item type
    Dewey Decimal Classification     Virtual Virtual Online 14/11/2002   WEB SITE 120458-2001 06/08/2019 1 06/08/2019 Online material